000 00471nam a22001457a 4500
005 20260420110202.0
008 260420b |||||||| |||| 00| 0 eng d
050 _aRES HF 5549.5 .N93 2017
_bC. 1
100 _aNYAMARI, NYANGANYI CLARE
245 _aAN ASSESSMENT OF THE EFFECTS OF EMPLOYEE MORALE ON JOB PETRFORMANCE: A CASE STUDY OF TENDERE TEA FACTORY
260 _aKISII
_bKSU
_c2017
300 _aiX, 41P.,ILL:
500 _aINCLUDES REFERENCES
942 _2lcc
_cREF
999 _c217005
_d217005